Theory of games and economic behaviour
Gespeichert in:
| 1. Verfasser: | |
|---|---|
| Weitere Verfasser: | |
| Format: | Buch |
| Sprache: | Englisch |
| Veröffentlicht: |
Princeton
Princeton University Press
2007
|
| Ausgabe: | 60th anniversary ed. |
| Schlagworte: | |
| Tags: |
Keine Tags, Fügen Sie das erste Tag hinzu!
|
MARC
| LEADER | 00000nam a2200000 4500 | ||
|---|---|---|---|
| 001 | 0142031 | ||
| 005 | 20240306140027.2 | ||
| 020 | |a 978-0-691-13061-3 | ||
| 020 | |a 0-691-13061-2 | ||
| 020 | |a 978-0-691-11993-9 | ||
| 020 | |a 0-691-11993-7 | ||
| 041 | 0 | |a eng | |
| 044 | |a US | ||
| 245 | 1 | 0 | |a Theory of games and economic behaviour |c John von Neumann and Oskar Morgenstern |
| 250 | |a 60th anniversary ed. | ||
| 264 | 1 | |a Princeton |b Princeton University Press |c 2007 | |
| 300 | |a 739 s. | ||
| 610 | 2 | 0 | |a správanie hospodárske |
| 610 | 2 | 0 | |a teória hier |
| 610 | 2 | 0 | |a teórie ekonomické |
| 610 | 2 | 0 | |a matematika |
| 610 | 2 | 0 | |a vývoj |
| 610 | 2 | 0 | |a hry ekonomické |
| 100 | 1 | |a Neumann, John von | |
| 700 | 1 | |a Morgenstern, Oskar | |